Ese sol del mundo moral / (Registro nro. 63302)
[ vista simple ]
| 000 -LEADER | |
|---|---|
| fixed length control field | 00706nam a2200241 u 4500 |
| 001 - CONTROL NUMBER | |
| control field | 63302 |
| 005 - DATE AND TIME OF LATEST TRANSACTION | |
| control field | 20180714065652.0 |
| 008 - FIXED-LENGTH DATA ELEMENTS--GENERAL INFORMATION | |
| fixed length control field | 150805s2002 mx r 000 0 spa d |
| 020 ## - INTERNATIONAL STANDARD BOOK NUMBER | |
| International Standard Book Number | 9592094470 |
| 082 ## - DEWEY DECIMAL CLASSIFICATION NUMBER | |
| Classification number | 177 |
| Item number | VIT |
| 100 1# - MAIN ENTRY--PERSONAL NAME | |
| Personal name | Vitier, Cintio |
| Relator term | autor |
| 245 10 - TITLE STATEMENT | |
| Title | Ese sol del mundo moral / |
| Statement of responsibility, etc. | Cintio Vitier. |
| 250 ## - EDITION STATEMENT | |
| Edition statement | Primera edición |
| 264 ## - PRODUCTION, PUBLICATION, DISTRIBUTION, MANUFACTURE, AND COPYRIGHT NOTICE | |
| Place of production, publication, distribution, manufacture | México : |
| Name of producer, publisher, distributor, manufacturer | Siglo Veintiuno |
| Date of production, publication, distribution, manufacture, or copyright notice | 2002 |
| 300 ## - PHYSICAL DESCRIPTION | |
| Extent | 223 páginas ; |
| Dimensions | 18 cm. |
| 336 ## - CONTENT TYPE | |
| Content type term | texto |
| Source | rdacontent |
| 337 ## - MEDIA TYPE | |
| Media type term | sin mediación |
| Source | rdamedia |
| 338 ## - CARRIER TYPE | |
| Carrier type term | volumen |
| Source | rdacarrier |
| 490 1# - SERIES STATEMENT | |
| Series statement | Teoría |
| 500 ## - GENERAL NOTE | |
| General note | Incluye bibliografía: p. 215-222 |
| 502 ## - DISSERTATION NOTE | |
| Dissertation note | Roberta Lajous |
| Name of granting institution | Donativo |
| 650 #0 - SUBJECT ADDED ENTRY--TOPICAL TERM | |
| Topical term or geographic name entry element | Etica social |
| Geographic subdivision | Cuba |
No hay ítems disponibles.